read to me grandma : stories rhymes and songs for you to enjoy together / (رقم التسجيلة. 105275)
[ عرض عادي ]
| 000 -LEADER | |
|---|---|
| fixed length control field | 00561nam a22001817a 4500 |
| 005 - DATE AND TIME OF LATEST TRANSACTION | |
| control field | 20251108173508.0 |
| 008 - FIXED-LENGTH DATA ELEMENTS--GENERAL INFORMATION | |
| fixed length control field | 250721s2003 xx 000 0 eng d |
| 082 14 - DEWEY DECIMAL CLASSIFICATION NUMBER | |
| Classification number | R/J/F/REA |
| 100 1# - MAIN ENTRY--PERSONAL NAME | |
| Personal name | repchuk, carolin |
| Relator term | محرر |
| 245 10 - TITLE STATEMENT | |
| Title | read to me grandma : stories rhymes and songs for you to enjoy together / |
| 264 1# - PRODUCTION, PUBLICATION, DISTRIBUTION, MANUFACTURE, AND COPYRIGHT NOTICE | |
| Place of production, publication, distribution, manufacture | spain : |
| Name of producer, publisher, distributor, manufacturer | parrgon publishing, |
| Date of production, publication, distribution, manufacture, or copyright notice | 2003. |
| 300 ## - PHYSICAL DESCRIPTION | |
| Extent | 191p. |
| 650 17 - SUBJECT ADDED ENTRY--TOPICAL TERM | |
| Topical term or geographic name as entry element | FICTION |
| 653 ## - INDEX TERM--UNCONTROLLED | |
| Uncontrolled term | اطفال مرحلة متوسطة ( 6 - 9 سنوات ) |
| 700 1# - ADDED ENTRY--PERSONAL NAME | |
| Personal name | graphics, kilnwood |
| Relator term | رسام |
| 942 ## - ADDED ENTRY ELEMENTS (KOHA) | |
| Source of classification or shelving scheme | Dewey Decimal Classification |
| Koha item type | كتب |
| حالة السحب | حالة الفقدان | مصدر التصنيف | حالة التلف | غير قابل للإعارة | المكتبة الرئيسية | المكتبة الحالية | موقع الرف | تاريخ التزويد | الرقم المتسلسل | Total Checkouts | رقم الإستدعاء | الباركود | تاريخ آخر ظهور | تاريخ الفاتورة | نوع المادة (كوها) |
|---|---|---|---|---|---|---|---|---|---|---|---|---|---|---|---|
| Dewey Decimal Classification | مكتبة قتيبة للأطفال | مكتبة قتيبة للأطفال | الأطفال | 28/07/2025 | 894189 | R/J/F/REA | 894189 | 28/07/2025 | 28/07/2025 | كتب | |||||
| Dewey Decimal Classification | مكتبة البيادر | مكتبة البيادر | الأطفال | 12/03/2015 | 894502 | R/J/F/REA | PLD00318282 | 28/07/2025 | 12/03/2015 | كتب | |||||
| Dewey Decimal Classification | مكتبة عدن للأطفال | مكتبة عدن للأطفال | الأطفال | 24/08/2014 | 894312 | R/J/F/REA | PLD00305260 | 28/07/2025 | 24/08/2014 | كتب |